Método completo de canto gregoriano según la Escuela de Solesmes / por ... Gregorio Mª Suñol
Descripción Física:
227 p. : il., 23 cm
MARC
| LEADER | 00000nam a2200000Ia 4500 | ||
|---|---|---|---|
| 001 | 13914 | ||
| 008 | 160829s1943 xx 000 0 cat d | ||
| 080 | |a B-1-418 | ||
| 100 | |a Suñol, Gregori Maria |9 37811 | ||
| 245 | |a Método completo de canto gregoriano según la Escuela de Solesmes / por ... Gregorio Mª Suñol | ||
| 250 | |a 8a ed. | ||
| 260 | |a [Montserrat] : |b Monasterio de Montserrat, |c 1943 | ||
| 300 | |a 227 p. : |b il., 23 cm | ||
| 650 | |a Cant gregorià, cant pla, etc. |x Ensenyament |9 37812 | ||
| 901 | |a Arxiu | ||
| 942 | |n 1 | ||
| 952 | |0 0 |1 0 |4 0 |6 B1418 |7 1 |9 48092 |a Arxiu |b Arxiu |d 2016-12-01 |l 0 |o B-1-418 |p 13914 |r 2016-12-01 00:00:00 |w 2016-12-01 |y ARXIU | ||
| 999 | |c 51895 |d 51895 | ||